03377nam a2200193 a 4500001001500000008004100015020001800056040003000074041001200104100003000116245012600146260003300272300002400305520148400329520129601813650001403109650001703123700004303140Rebiun33976468230915s2023 sp 001 0 spa c a9788419261595 aUSPCEU-AAS bEnglishctbs aSpanish aBreithaupt, Fritzeauthor13aEl cerebro narrativo b: lo que nuestras neuronas cuentan c/ Fritz Breithaupt ; translated by Joaquín Chamorro Mielke. aMadrid : bSextopiso, c2023 a317 pages ; c24 cm aLos seres humanos vivimos rodeados de historias que condicionan nuestro modo de entender el mundo y de entendernos entre nosotros. Estas historias pueden ser reales o ficticias, propias o ajenas, alegres o descorazonadoras, pero nunca pasan desapercibidas: nuestro cerebro las interpreta, las registra y las utiliza. A través de las narraciones vemos y oímos, nos comunicamos, aprendemos del entorno y le damos forma a todo estímulo que nos llega; en definitiva, a través de las narraciones vivimos. En este brillante ensayo, el profesor de Ciencias Cognitivas Fritz Breithaupt arroja luz sobre los sofisticados mecanismos neuronales que hacen que el cerebro interprete el mundo a través de las historias que recibe y las que él mismo fabrica. Breithaupt nos habla de literatura, de sociología y de nuestra vida cotidiana; desentraña las particularidades de aquellas narraciones que residen en nosotros casi instintivamente, como las de los hermanos Grimm; y explica cómo las sociedades precisan de relatos colectivos que las ayuden a superar sus traumas, como ocurrió tras el 11-S o como, apunta, ocurre y ocurrirá tras la pandemia del coronavirus. El cerebro narrativo es una obra rigurosa y didáctica que combina con equilibrio la investigación científica profunda con ejemplos extraídos de la literatura, el cine o la vida cotidiana. Es, en resumen, una fascinante indagación acerca del modo en que las narraciones nos hacen ser quienes somos. aHuman beings live surrounded by stories that shape how we understand the world and relate to one another. These stories may be real or fictional, personal or shared, joyful or heartbreaking, but they are never neutral: our brains interpret them, store them, and put them to use. Through narrative we see and hear, we communicate, we learn from our environment, and we give meaning to every stimulus we receive. In short, it is through narrative that we live. In this brilliant essay, Professor of Cognitive Science Fritz Breithaupt sheds light on the sophisticated neural mechanisms that allow the brain to interpret the world through the stories it absorbs—and those it creates. Breithaupt draws from literature, sociology, and everyday life; he unpacks the particularities of stories that dwell within us almost instinctively, such as the tales of the Brothers Grimm; and he explains how societies depend on shared narratives to overcome trauma, as seen after 9/11 or, as he suggests, in the wake of the coronavirus pandemic. The Narrative Brain is a rigorous and highly readable work that strikes a fine balance between in-depth scientific research and examples drawn from literature, film, and daily life. It is, in essence, a fascinating exploration of how stories shape who we are.00aCognition00aNeurobiology aChamorro Mielke, Joaquínetranslator